书目信息 |
| 题名: |
山海草木:中国古代神奇植物图卷
|
|
| 作者: | 赵涵宇 编著 | |
| 分册: | 1 | |
| 出版信息: | 北京 北京联合出版公司 2020 |
|
| 页数: | 167页 | |
| 开本: | 22cm | |
| 丛书名: | ||
| 单 册: | ||
| 中图分类: | I276.5 | |
| 科图分类: | ||
| 主题词: | 民间文学--中国 | |
| 电子资源: | ||
| ISBN: | 7-5596-3897-X | |
| 000 | 00626nam0 2200193 450 | |
| 001 | 2555645130 | |
| 005 | 20250901153343.21 | |
| 010 | @a7-5596-3897-X@dCNY88.00 | |
| 100 | @a20250901d2020 km y0chiy0120 ea | |
| 101 | 0 | @achi |
| 102 | @aCN@b110000 | |
| 200 | 1 | @a山海草木:中国古代神奇植物图卷@AShan Hai Cao Mu:Zhong Guo Gu Dai Shen Qi Zhi Wu Tu Juan@h1@f赵涵宇编著@FZhao Han Yu Bian Zhu |
| 210 | @a北京@c北京联合出版公司@d2020 | |
| 215 | @a167页@d22cm | |
| 606 | 0 | @a民间文学@x中国 |
| 690 | @aI276.5@v4 | |
| 701 | 0 | @a赵涵宇@AZhao Han Yu@4编著 |
| 801 | 0 | @aCN@b大连网信软件有限公司图书馆·11@c20250901 |
| 905 | @aZUCC@dI276.5@e184 | |
| 山海草木:中国古代神奇植物图卷.1/赵涵宇编著.-北京:北京联合出版公司,2020 |
| 167页;22cm |
| ISBN 7-5596-3897-X:CNY88.00 |
| ● |
| 相关链接 |
|
|
|
|
正题名:山海草木:中国古代神奇植物图卷
索取号:I276.5/184
 
预约/预借
| 序号 | 登录号 | 条形码 | 馆藏地/架位号 | 状态 | 备注 |
| 1 | 1440055 | 214400557 | 第一样本阅览室/ [索取号:I276.5/184] |
已借出,限还日期为2035.08.31 借出人:王凯 |